E25(西名阪道・名阪国道)のIC - Statistics

General Stats
  • This quiz has been taken 75 times
  • The average score is 22 of 44
Answer Stats
西名阪道 % Correct
PA 天理
96%
IC 天理
96%
IC 天理
96%
IC 亀山
89%
SA 香芝
84%
IC 香芝
84%
SA 伊賀
82%
IC 伊賀
82%
IC 郡山
76%
IC
76%
IC 上野
73%
JCT 松原
71%
IC
71%
JCT
71%
IC 藤井寺
62%
IC 柏原
62%
IC 天理東
62%
IC 法隆寺
58%
IC 山添
56%
PA 伊賀上野
53%
SIC 大和まほろば
49%
JCT 郡山下ツ道
45%
IC 下柘植
45%
IC 五ヶ谷
44%
IC 福住
44%
IC 上柘植
44%
SA 高峰
42%
IC 上野東
40%
IC 五月橋
36%
IC 治田
29%
IC 一本松
25%
IC 小倉
24%
IC 大内
22%
IC 伊賀一之宮
22%
IC 神野口
20%
IC 白樫
18%
IC 友生
18%
IC 壬生野
18%
IC 南在家
18%
IC 向井
16%
IC 久我
16%
IC 御代
15%
IC 中瀬
13%
IC 板屋
13%
No matching quizzes found
Score Distribution
Percent of People with Each Score
Percentile by Number Answered
Your Score History
You have not taken this quiz